Statistics for Cities on the Ohio River

Click here to take the quiz!

General Stats

  • This quiz has been taken 34 times
  • The average score is 4 of 6

Answer Stats

State Population Answer % Correct
OH301,301Cincinnati
96%
KY616,261Louisville
89%
PA302,407Pittsburgh
86%
IN118,930Evansville
50%
WV47,079Huntington
50%
KY59,404Owensboro
46%

Score Distribution

Percentile by Number Answered

Percent of People with Each Score

Your Score History

You have not taken this quiz